000 00772cam a22002291 4500
001 af 48000531
003 DLC
005 20260227110844.0
008 940111s1942 sz cf 000 0 ger c
010 _aaf 48000531
035 _a(OCoLC)29609365
040 _aNorthwestern Univ. Library
_cIEN
_dDLC
042 _apremarc
050 0 0 _aHD2429.S92
_bT43
100 1 _aBeuttner, Paul.
245 1 0 _a50 Jahre thurgauische Gewerbepolitik, 1892-1942.
260 _aFrauenfeld,
_bDruck von Huber
_c[1942]
300 _a83, [4] p.
_bplate, ports.
_c24 cm.
500 _aOn cover: 50 Jahre Thurgauischer Gewerbeverband, 1892-1942.
500 _a"Gewerbevereine, Berufsverbände und Zweckverbände per 1. Januar 1942": [4] p. at end.
610 2 0 _aThurgauischer Gewerbeverband.
999 _c4102
_d4102